Statystyki dla Piłkarze AS Monaco

Kliknij tutaj aby rozwiązać quiz!

Ogólne statystyki

  • Ten quiz został rozwiązany 10 razy
  • Średni wynik to 11 z 24

Statystyki odpowiedzi

PiłkarzNarodowośćPozycja% Poprawnych
Eliesse Ben SeghirFrancjaPomocnik
100%
Wissam Ben YedderFrancjaNapastnik
100%
Radosław MajeckiPolskaBramkarz
78%
Takumi MinaminoJaponiaNapastnik
78%
Aleksandr GolovinRosjaPomocnik
67%
Breel EmboloSzwajcariaNapastnik
67%
Philipp KöhnNiemcyBramkarz
67%
Mohamed CamaraMaliPomocnik
56%
Yousssouf FofanaFrancjaPomocnik
56%
Caio HenriqueBrazyliaObrońca
44%
Denis ZakariaSzwajcariaPomocnik
44%
Edan DiopFrancjaPomocnik
44%
Guillermo MaripánChilleObrońca
44%
Thilo KehrerNiemcyObrońca
44%
Wilfried SingoWKSObrońca
44%
Krépin DiattaSenegalNapastnik
33%
Mohammed SalisuGhanaObrońca
33%
Ismail JakobsSenegalObrońca
22%
Maghnes AklioucheFrancjaPomocnik
22%
Soungoutou MagassaFrancjaObrońca
22%
VandersonBrazyliaObrońca
22%
Yann LienardFrancjaBramkarz
22%
Folarin BolagunUSANapastnik
11%
Kassoum OuattaraFrancjaObrońca
11%

Rozkład punktacji

Percentyl według liczby udzielonych odpowiedzi

Procent ludzi z każdym wynikiem

Twoja historia wyników

Nie rozwiązałeś tego quizu